| 000 | 01035nam a2200301Ia 4500 | ||
|---|---|---|---|
| 001 | 15872 | ||
| 003 | IT-RoPAU | ||
| 008 | 130308s9999 xx 000 0 und d | ||
| 040 | _aIT-RoPAU | ||
| 040 | _cIT-RoPAU | ||
| 041 | _aITALIANO | ||
| 100 | _aBettetini Gianfranco | ||
| 100 | _gCodice Aut. SPICS: 9215 | ||
| 245 | _aPunto (Il)-Appunti per una semiotic a del teatro | ||
| 245 | _bTeatro e Comunicazione | ||
| 250 | _a1a ed. | ||
| 260 | _aFIRENZE | ||
| 260 | _bGuaraldi | ||
| 260 | _c1977 [1° Ed.:1977 - Ed.Ling.Originale:1977] | ||
| 300 | _a"24 p. (prefazione: no ; testo: 24 [pagine: 9-32])" | ||
| 500 | _aLiceità dell'approccio Semiotico al Teatro metodologie a carattere Induttivo e Deduttivo Problemi Teorici e tecnici della Trascrizione grafica Semiotica e Teatro di Ricerca Pluricodicità e Struttura Testuale testo Drammatico scritto Evento Teatrale e Il suo Tempo | ||
| 650 | _aBIBLIOGRAFIA | ||
| 650 | _eCodice materia Spics: 2001 | ||
| 942 | _cBK | ||
| 957 | _71 | ||
| 999 |
_c38522 _d38522 |
||
| 999 | _bSI | ||
| 999 | _g1 | ||